000
00291nam a2200097Ia 4500
008
220120s9999||||xx |||||||||||||| ||und||
100
_a
Siddhartha Guptha
_9
12262
245
0
_a
Information exchange server
260
_a
Coorg Institute of Technology
_b
Ponnampet
_c
2010
650
_a
COMPUTER SCIENCE
999
_c
137848
_d
137848